Datum a čas kvízu
22
Celkem bodů
Celkový počet nahraných bodů na tomto kvízu bez doplňovacích otázek.
15.
Pořadí na kvízu
Konečné umístění týmu na tomto kvízu.
Zaznamenané odpovědi
| # | Otázka | Odpověď | Body | Výsledky |
|---|---|---|---|---|
| 1. | Ve středu ve 12 hodin jsme se... | zkouška sirén | 1 | |
| 2. | Pouze pět států na středečním... | Severní Korea (KLDR) | 0 | |
| 3. | Kolik sošek Českého lva získal... | osm ocenění (sedm či devět za půl bodu) | 0.5 | |
| 4. | Jak se jmenuje muž na fotograf... | Tomáš Čupr | 0 | |
| 5. | Reprezentace jedné země poslal... | Argentina | 0 | |
| 6. | Detektiv Sherlock Holmes z per... | D | 1 | |
| 7. | Belgický spisovatel Georges Si... | Jules Maigret [žyl megré] | 0 | |
| 8. | Americký spisovatel Jeffery De... | A) je ochrnutý | 1 | |
| 9. | Přiřaďte následující spisovate... | 1B 2C 3A 4D | 0 | |
| 10. | Seriál Devadesátky se setkal s... | C) Ivan Pauřík | 1 |